Sports Quiz

Random Sports or Football Quiz

NFL Teams by Owner Quiz Stats

Quiz Updated Feb 6, 2017

Also try: NFL Teams by Fans
Challenge
Share
Tweet
Embed
Score 0/32 Timer 05:00
1 Play Today
Team % Correct
Dallas Cowboys
93.7%
New England Patriots
84.3%
Green Bay Packers
79.2%
Oakland Raiders
77.2%
Pittsburgh Steelers
76.3%
Washington Redskins
75.9%
Detroit Lions
67.3%
Indianapolis Colts
65.6%
Atlanta Falcons
65.5%
Buffalo Bills
62%
Minnesota Vikings
60.4%
New York Giants
59.1%
Tennessee Titans
56.5%
Seattle Seahawks
52.6%
Cincinnati Bengals
49.8%
Chicago Bears
49.7%
Team % Correct
New York Jets
47.3%
Philadelphia Eagles
46.2%
San Francisco 49ers
45.9%
Kansas City Chiefs
43.7%
Denver Broncos
42.2%
New Orleans Saints
42.1%
Tampa Bay Buccaneers
42%
Carolina Panthers
38.6%
Jacksonville Jaguars
38.1%
Houston Texans
37.8%
Arizona Cardinals
37.4%
Cleveland Browns
36.6%
Los Angeles Rams
36.4%
Los Angeles Chargers
35.2%
Miami Dolphins
35%
Baltimore Ravens
34.4%

You're not logged in!

Compare scores with friends on all Sporcle quizzes.
Sign Up with Email
OR
Log In

You Might Also Like...

Show Comments

Extras

Top Quizzes Today


Score Distribution

Your Account Isn't Verified!

In order to create a playlist on Sporcle, you need to verify the email address you used during registration. Go to your Sporcle Settings to finish the process.